| 000 | 00751cai a22001815a 4500 | ||
|---|---|---|---|
| 001 | E145883 | ||
| 008 | 081119u xxk g 000 0 eng d | ||
| 035 | _a(Sirsi) u145883 | ||
| 041 | 0 | _aeng | |
| 110 | 2 |
_aScotland _bScottish Government _95344 |
|
| 245 | 0 | 0 |
_aScotland's towns _h[electronic resource] |
| 520 | _aWebsite aimed at allowing those involved with Scotland's town centres to share best practice, information and guidance. Includes sections on legislation and policy, planning and design guides, and publications and reports. | ||
| 590 | _aKA | ||
| 651 | 4 |
_aScotland _y1999- |
|
| 690 |
_aPlanning and development _96259 |
||
| 856 | 4 | 0 |
_uhttps://www.scotlandstowns.org/ _zView the website free of charge at www.scotlandstowns.org... |
| 942 | _n0 | ||
| 999 |
_c120734 _d120734 |
||